Most Spoken Non-English Languages in Delaware - Statistics

General Stats
  • This quiz has been taken 24 times
  • The average score is 6 of 8
Answer Stats
Number of Speakers Language % Correct
~500 German
100%
25k Spanish
100%
3.3k Chinese
96%
2k French (incl. Creole)
96%
~600 Italian
83%
~500 Vietnamese
83%
~700 Korean
74%
1k Gujarati
17%
No matching quizzes found
Score Distribution
Percent of People with Each Score
Percentile by Number Answered
Your Score History
You have not taken this quiz